[Event "Rostov on Don"]
[Site "Rostov on Don"]
[Date "1993.??.??"]
[Round "?"]
[White "Smirin, Ilia"]
[Black "Tiviakov, Sergei"]
[Result "1/2-1/2"]
[WhiteElo "2590"]
[BlackElo "2575"]
[Annotator "Ribli,Z"]
[PlyCount "96"]
[EventDate "1993.05.??"]
[EventType "tourn"]
[EventRounds "11"]
[EventCountry "RUS"]
[EventCategory "14"]
[SourceTitle "CBM 036"]
[Source "ChessBase"]
[SourceDate "1993.10.01"]
[SourceVersion "1"]
[SourceVersionDate "1993.10.01"]
[SourceQuality "1"]

1. c4 e5 2. Nc3 Nf6 3. Nf3 Nc6 4. d4 exd4 5. Nxd4 Bb4 6. Bg5 h6 7. Bh4 Bxc3+ 8.
bxc3 d6 9. Nxc6 (9. f3 Ne5 10. e4 Ng6 11. Bf2 O-O 12. Qd2 c6 13. Be2 d5 $10 {
Tal-Dvorecky/Wijk aan Zee/1976/}) 9... bxc6 10. c5 Qe7 11. e3 Qe5 (11... dxc5
12. Qf3 $14) 12. Qd4 Ne4 13. cxd6 cxd6 14. Rc1 Be6 15. Bd3 (15. f3 g5 $1 $13 (
15... Nc5 16. Bg3 $16)) 15... Nc5 16. Bb1 Kd7 $1 (16... O-O $4 17. Be7 $18) 17.
Rd1 (17. Qb4 Rhb8 (17... Bxa2 18. Bg3 $1 $44) 18. Qa3 Bc4 19. Bg3 Qd5 $13)
17... Qxd4 18. Rxd4 Rhb8 19. O-O Rb2 20. Bg3 Nb7 (20... d5 21. c4 $14) 21. Rfd1
Ke7 22. h4 (22. Bxd6+ $2 Nxd6 23. Rxd6 Bd5 $19) 22... a5 (22... Bxa2 $2 23.
Bxa2 Rxa2 24. Rb4 $16) 23. a4 Rd8 24. Be4 c5 25. R4d2 Rxd2 26. Rxd2 d5 27. Bf3
Nd6 28. Rb2 (28. Bxd5 $2 Nc4 $19) 28... Rc8 29. Rb6 Nf5 30. Rb7+ Kf6 31. Bc7 d4
(31... Nxh4 32. Be2 $44) 32. cxd4 cxd4 33. e4 Nxh4 34. Be2 g5 35. g3 Ng6 36. f4
gxf4 37. gxf4 Rxc7 $1 38. Rxc7 Nxf4 39. Kf2 (39. Bb5 Ke5 $44) 39... Nxe2 40.
Kxe2 Bb3 41. Rc6+ Kg7 42. Kd3 Bxa4 43. Rc5 Bd7 44. Rxa5 Kg6 45. Kxd4 h5 46. Ke3
h4 47. Kf4 h3 48. Rg5+ Kf6 1/2-1/2

[Event "San Francisco"]
[Site "San Francisco"]
[Date "1995.??.??"]
[Round "6"]
[White "Christiansen, Larry Mark"]
[Black "Ashley, Maurice"]
[Result "1-0"]
[WhiteElo "2570"]
[BlackElo "2460"]
[Annotator "Ribli,Z"]
[PlyCount "65"]
[EventDate "1995.??.??"]
[EventType "game"]
[EventCountry "ARG"]
[SourceTitle "CBM 046"]
[Source "ChessBase"]
[SourceDate "1995.06.01"]
[SourceVersion "1"]
[SourceVersionDate "1995.06.01"]
[SourceQuality "1"]

1. c4 e5 2. Nc3 Nf6 3. Nf3 Nc6 4. e4 {Christiansen hat mit dieser seltenen
Variante schon mehrere Partien gewonnen.} Bb4 (4... Bc5 5. Nxe5 Nxe5 6. d4 $14)
5. d3 d6 (5... O-O 6. g3 Nd4 $5 7. Bg2 Nxf3+ 8. Qxf3 d6 9. Qe2 c6 10. O-O a6
11. h3 b5 $10 {Weiss hat nichts Christiansen,L-Kortschnoj,V/Tilburg/1992/CBM32/
INF56,(35)/}) 6. g3 Nd7 $6 {Eine Neuerung} (6... Bc5 $5 {Sieht konsequent aus.}
7. Bg2 Nd4 8. Nxd4 Bxd4 $10 {Gulko,B-Karpov,An/Reykjavik WCup/1991/CBM26/INF52,
34/}) (6... O-O 7. Bg2 Bg4 $6 8. h3 Bxf3 9. Bxf3 Nd4 10. Bg2 a5 11. O-O Bc5 12.
Rb1 $14 {Ehlvest,J-Adams,M/Terrassa/1991/CBM24/INF52,35/}) 7. Bg2 Nf8 8. Nh4
Ne6 9. O-O O-O 10. Kh1 Bc5 11. Nd5 Ncd4 (11... a5 $5 {Schwarz sollte b4
verhindern.}) 12. b4 Bb6 13. Nf5 c6 (13... Nxf5 14. exf5 Nd4 15. g4 c6 16. Nxb6
axb6 17. f4 $14) 14. Nxb6 axb6 15. f4 f6 16. Bb2 c5 17. b5 Nxf5 18. exf5 Nc7 $6
(18... Nd4 19. Bd5+ Kh8 20. g4 $36) 19. g4 exf4 20. d4 $1 d5 21. dxc5 dxc4 (
21... bxc5 $2 22. b6 $18) 22. cxb6 Nxb5 23. a4 Nd6 (23... c3 $2 24. axb5 $18)
24. a5 (24. Ba3 $5 Nf7 25. Bxf8 Qxd1 (25... Qxf8 26. Qd5 $18) 26. Raxd1 Kxf8
27. Rxf4 Rxa4 28. Bf1 $18) 24... Re8 25. Rxf4 Qe7 26. Rd4 Nf7 27. Rxc4 Bd7 (
27... Ne5 28. Rc7 $18) 28. Rc7 Rxa5 $2 {Schwarz war schon hilflos.} 29. Rxa5
Qe1+ 30. Qxe1 Rxe1+ 31. Bf1 Rxf1+ 32. Kg2 Re1 (32... Rd1 33. Ra8+ $18) 33. Rxd7
{Ribli} 1-0

[Event "San Francisco"]
[Site "San Francisco"]
[Date "1995.??.??"]
[Round "9"]
[White "Kortschnoj, Viktor Lvovich"]
[Black "Waitzkin, Joshua"]
[Result "1-0"]
[WhiteElo "2635"]
[BlackElo "2435"]
[Annotator "Ribli,Z"]
[PlyCount "55"]
[EventDate "1995.??.??"]
[EventType "game"]
[EventCountry "ARG"]
[SourceTitle "CBM 046"]
[Source "ChessBase"]
[SourceDate "1995.06.01"]
[SourceVersion "1"]
[SourceVersionDate "1995.06.01"]
[SourceQuality "1"]

1. c4 e5 2. Nc3 Nf6 3. Nf3 Nc6 4. a3 {In der letzten Zeit ist sehr populaer.}
g6 (4... e4 $5 5. Ng5 Qe7 6. d3 exd3 7. Qxd3 Ne5 8. Qc2 d6 9. e3 g6 10. Be2 Bg7
11. O-O O-O $10 {Gavrikov,V-Hertneck,G/Bundesliga/9495/}) 5. g3 d5 $6 {Schwarz
sollte ruhiger bleiben.} (5... Bg7 $5 6. Bg2 O-O 7. O-O Re8 8. e4 d6 9. d3 Bg4
10. h3 Bxf3 11. Bxf3 Nd4 12. Bg2 c6 $10 {Bezold,M-Almasi,Z/Altensteig/1994/
CBM43/}) 6. cxd5 Nxd5 7. Bg2 Nde7 (7... Nxc3 8. bxc3 Bg7 9. Qc2 O-O 10. O-O Be6
11. Rb1 $14 {Kortschnoj,V-Tukmakov,V/Groningen PCA/1993/CBM39/INF59,33/}) 8. b4
Bg7 9. Bb2 O-O 10. d3 a6 11. O-O {Wir haben mit Zugumstellung die A29 Variante
erreicht.} b6 (11... h6 12. Rc1 (12. e3 $5 {/\ Qc2,Rfd1 +/= Raikovic}) 12...
Bg4 13. Ne4 b6 14. Rc2 Qd7 15. Qa1 f6 16. Rfc1 $14 {Sisniega-Urday/Matanzas/
1992/INF54,34/}) 12. Rc1 Bb7 13. Qc2 Qd7 (13... Nd4 $2 14. Nxd4 Bxg2 15. Ne6
$16) 14. e3 Rad8 15. Rfd1 Qc8 16. Ne2 Qa8 {Droht 17...Nb4} 17. e4 Rd7 18. Qb3
h6 19. a4 $1 Kh7 20. b5 Nd4 (20... axb5 21. axb5 Na5 22. Qb4 f6 23. Bh3 $18)
21. Nfxd4 exd4 22. Bh3 f5 {Seiner positionellen Ueberlegenheit konnte Weiss
mit einem gefaelligen taktischen Schlaeg verleihen.} 23. Nxd4 $1 Bxd4 24. Bxd4
Rxd4 25. Rxc7 Qd8 26. Rxb7 fxe4 27. Qe6 Re8 28. Rc1 {Ribli} (28. Rc1 exd3 29.
Rcc7 $18) 1-0

[Event "Yerevan zt 1.5"]
[Site "Yerevan"]
[Date "2000.06.10"]
[Round "4"]
[White "Sturua, Zurab"]
[Black "Izoria, Zviad"]
[Result "0-1"]
[WhiteElo "2595"]
[BlackElo "2372"]
[Annotator "Ribli,Z"]
[PlyCount "112"]
[EventDate "2000.06.07"]
[EventType "swiss"]
[EventRounds "9"]
[EventCountry "ARM"]
[SourceTitle "CBM 078"]
[Source "ChessBase"]
[SourceDate "2000.10.18"]
[SourceVersion "1"]
[SourceVersionDate "2000.10.18"]
[SourceQuality "1"]

1. c4 e5 2. Nc3 Nf6 3. Nf3 Nc6 4. e3 {Dieser Zug ist in jüngster Zeit relativ
beliebt, meiner Meinung nach jedoch bietet 4.g3 Weiß bessere Chancen auf
Eröffnungsvorteil.} Bb4 5. Qc2 (5. Nd5 e4 $13) 5... Bxc3 $5 {Das ist
interessant - Schwarz gibt sein Läuferpaar freiwillig auf. Nach 5...0-0 musste
er mit 6.Nd5 rechnen.} 6. Qxc3 Qe7 7. d3 (7. a3 d5 $1) 7... d5 {Weiß hat zwar
das Läuferpaar, aber die schwarze Stellung ist gesund. Die weiße Dame hat
schon zwei mal gezogen und steht dennoch unsicher auf c3..} 8. Be2 (8. cxd5
Nxd5 9. Qc2 (9. Qb3 Qb4+ 10. Qxb4 Ndxb4 11. Kd1 Bf5 12. e4 Be6 13. a3 Bb3+ 14.
Kd2 Nc2 15. Rb1 N2d4 16. Kc3 Ba2 17. Ra1 Nb5+ 18. Kc2 Ncd4+ 19. Nxd4 Nxd4+ 20.
Kc3 Be6 {0-1 Serper,G-Aseev,K/St Petersburg 1993/TD (48)}) 9... O-O (9... Ndb4
$5) 10. a3 a5 (10... Bg4 $5 11. Be2 Rad8 $13 {Gurevich,D-Chernin,A/Beersheba/
1993/CBM38/INF59,38/}) 11. b3 Bg4 $5 12. Be2 Rad8 13. O-O f5 14. h3 Bh5 15. Bb2
$6 (15. Nxe5 $5 Qxe5 16. Bxh5 f4 $1 17. Bf3 fxe3 18. Bxd5+ Qxd5 19. Bxe3 Qxd3
$10) 15... e4 $1 {0-1 Chernin,A-Polgar,Z/Budapest 1993/CBM 34/[Stohl] (28)})
8... O-O (8... dxc4 9. Qxc4 Be6 10. Qb5 (10. Qc3 Nd5 11. Qd2 O-O-O 12. a3 e4
13. dxe4 Nf4 14. exf4 Rxd2 15. Bxd2 Bg4 16. e5 Rd8 17. Be3 f6 {0-1 Donchenko,
A-Zagorskis,D/Weilburg 1995/EXT 97 (36)}) 10... Qb4+ 11. Qxb4 Nxb4 12. O-O Nc2
13. Rb1 Bxa2 14. Bd2 Bxb1 15. Rxb1 e4 16. Ne5 c5 17. Rc1 Nb4 18. Rxc5 Nxd3 19.
Nxd3 exd3 20. Re5+ Kd7 21. Bxd3 Rhd8 {1-0 Aseev,K-Dvoirys,S/Vilnius 1984/MCD 
(55)}) 9. O-O $6 {Dieser Zug ist m.E. zu automatisch. Vorzuziehen ist die
Klärung im Zentrum mit cxd5 .} (9. cxd5 $142 Nxd5 10. Qc2 Be6 11. a3 a5 12. b3
f6 13. O-O Qf7 14. Re1 Rad8 15. Bf1 Rd7 16. Rb1 Rfd8 17. Nd2 Nce7 18. Nc4 b6 {
0-1 Bosboom,M-Cuijpers,F/Hilversum 1988/EXT 97 (54)}) 9... e4 $5 {Schwarz
wartet nicht ab, sondern übernimmt mit diesem Vorstoß die Initiative.} (9...
Rd8 10. cxd5 Nxd5 11. Qb3 a5 12. a3 a4 13. Qc2 Nb6 14. Bd2 Bf5 15. Rfd1 Be6 16.
Rdc1 Bb3 17. Qc5 Rd6 18. Bb4 Nd5 19. Nd2 Ndxb4 20. axb4 b6 21. Qb5 {1-0
Hauchard,A-Kosten,A/FRA 1993/TD (42)}) 10. Nd2 (10. Nd4 Ne5 11. dxe4 Nxe4 12.
Qc2 Nxc4 13. Bxc4 dxc4 14. Qxc4 c5 $15) 10... Bf5 11. dxe4 (11. d4 $5 {
Aufgrund des Läuferpaares ist es im Prinzip richtig, die Stellung zu öffnen,
aber in dieser konkreten Stellung bekommt Schwarz sofort Initiative auf der
d-Linie.}) 11... dxe4 $15 {[%csl Yd3][%cal Ga8d8,Gd8d2]} 12. b3 {[%cal Gc1b2,
Gb2h8]} Rad8 13. Bb2 Nb4 {[%cal Gb4d3] Mit einfachen Entwicklungszügen
erreicht Schwarz eine schöne Stellung und Raumvorteil.} 14. f3 $6 {[%mdl 16384]
Psychologisch ist es verständlich, dass Weiß die Stellung öffnen möchte, aber
der Textzug schwächt seine Bauernstellung.} (14. Ba3 c5 $15) (14. Rfd1 $5 $15)
14... exf3 15. Rxf3 (15. Nxf3 Bd3 $15 (15... Nc2 {[%cal Rc2a1,Rc2e3]} 16. Ne5
$5 $13)) 15... Bg6 (15... Bg4 $2 16. Rxf6 (16. Rg3 {[%cal Gg3g8]} h5) 16...
Qxf6 (16... gxf6 17. Ne4 $18) 17. Bxg4 $16) 16. Nf1 (16. e4 Rfe8 $15) 16...
Rfe8 {Schwarz hat eine harmonische Stellung, seine Bauernstruktur ist gesund.
Weiß hat zwar die Kontrolle über die Diagonale a1-h8, aber keine Drohungen.}
17. Ng3 Nd3 {Mit Hilfe dieses Zuges tauscht Schwarz entweder den Bb2 oder
vertreibt die Dame von c3.} 18. Bxd3 {Dieser Zug ist eigentlich ein
Bauernopfer.} (18. Rd1 Nxb2 19. Rxd8 Rxd8 20. Qxb2 Ne4 $15 {[%cal Gd8d1]})
18... Rxd3 {[%csl Gd3,Re3]} 19. Qa5 (19. Qc1 Ng4 $1 $17 (19... Rxe3 20. Rxe3
Qxe3+ 21. Qxe3 Rxe3 22. Bxf6 gxf6 23. Rd1 $15)) 19... Rxe3 20. Bxf6 (20. Qxa7
Rxf3 21. gxf3 b6 $17) 20... gxf6 21. Qd2 (21. Qxa7 $5 Rxf3 22. gxf3 b6 $15 {
[%cal Gh7h5] Schwarz hat gute Aussichten am Königsflügel, die weiße Dame steht
weit ab.}) 21... Qc5 (21... Rxf3 22. gxf3 Qe3+ 23. Qxe3 Rxe3 $17) 22. Rxe3 (22.
Kh1 Rxf3 23. gxf3 Qe3 $17) 22... Rxe3 23. Qf2 Qe5 $17 {Schwarz hat einen
Bauern mehr und eine aktive Figurenstellung.} 24. Rd1 (24. Rf1 Bd3 $17) 24...
Kg7 25. Rf1 c6 26. Nf5+ {Das Turmendspiel ist schlecht für Weiß, aber es ist
die einzige theoretische Chance, die Partie noch zu retten.} Bxf5 27. Qxf5 Qxf5
28. Rxf5 {[%mdl 4096]} Re5 (28... Re2 $17) 29. Rf3 Re2 30. a3 (30. Rf2 Re1+ 31.
Rf1 Rxf1+ 32. Kxf1 f5 33. Kf2 Kf6 34. Ke3 Ke5 $17) 30... a5 (30... Ra2 31. b4)
31. c5 (31. Kf1 Ra2 32. b4 axb4 33. axb4 Rb2 $17) 31... Rc2 32. b4 axb4 33.
axb4 Rc4 {[%csl Gc4] Schwarz hat nicht nur einen Bauern mehr, auch sein Turm
steht viel aktiver.} 34. Rg3+ (34. Rb3 f5 $17 {[%cal Gg7f6,Gf6e5]}) 34... Kh6
35. Rb3 (35. Rf3 Rxb4 (35... Kg5 $17) 36. Rxf6+ Kg7 $17) 35... Kg5 36. Kf1 f5 {
[%csl Gc4,Gg5] Schwarz mobilisiert seine Mehrheit am Königsflügel..} 37. Ke2
Rc2+ 38. Kf3 Kf6 {[%cal Gf6e5,Ge5d4]} 39. Rb1 Rc4 40. Ke3 Ke5 {Mehrbauer,
aktiver König, aktiver Turm - bei gutem Spiel muss Schwarz gewinnen.} 41. Kd3
Kd5 (41... Re4 $17) 42. Rb2 f4 43. Ke2 (43. Rb1 Rd4+ 44. Ke2 Ke4 $17) 43... Ke4
44. b5 {Weiß opfert einen weiteren Bauern für geringe Aktivität.} (44. Kd2 f3
$17) (44. Kf2 Kd3 $19) 44... Rxc5 45. bxc6 bxc6 46. Rb7 Rf5 {Schwarz hat schon
zwei Bauern mehr, aber er muss noch vorsichtig sein - es gibt in
Turmendspielen bekannte Remisstellungen mit f- und h-Bauern.} (46... Rc2+ $6
47. Kf1 $15) 47. Rb4+ Kd5 48. Rb8 c5 49. Rh8 Rh5 50. h3 c4 $19 {Der ernfernte
Freibauer entscheidet die Partie.} 51. Kd2 Kd4 (51... f3 52. gxf3 Rxh3 $17) 52.
Rd8+ Rd5 53. Rg8 h6 {[%cal Rd5g5,Rg5g2,Rg5g8]} 54. h4 Rh5 55. Rg4 (55. Rd8+ Ke5
56. Rc8 Rxh4 57. Rxc4 Rg4 $19) 55... Ke5 56. g3 Rf5 {[%cal Rf4f3]} (56... Rf5
57. gxf4+ Rxf4) 0-1

[Event "Bundesliga 0304"]
[Site "Germany"]
[Date "2004.04.25"]
[Round "15.5"]
[White "Poldauf, Dirk"]
[Black "Pirrot, Dieter"]
[Result "0-1"]
[WhiteElo "2404"]
[BlackElo "2422"]
[Annotator "Ribli,Z"]
[PlyCount "52"]
[EventDate "2003.11.01"]
[EventType "team-tourn"]
[EventRounds "15"]
[EventCountry "GER"]
[SourceTitle "CBM 101"]
[Source "ChessBase"]
[SourceDate "2004.07.27"]
[SourceVersion "1"]
[SourceVersionDate "2004.07.27"]
[SourceQuality "1"]
[WhiteTeam "Neukoelln"]
[BlackTeam "St Ingbert"]
[WhiteTeamCountry "GER"]
[BlackTeamCountry "GER"]

1. c4 e5 2. Nc3 Nc6 3. Nf3 Nf6 4. e4 Bc5 {Dieser Zug liegt auf der Hand, aber
4...Bb4 ist auch gut spielbar.} 5. Nxe5 {Weiß muss das Spiel komplizieren,
sonst Schwarz spielt 5...d6 und kontrolliert das wichtige Zentrumsfeld d4.}
Nxe5 6. d4 Bb4 7. dxe5 Nxe4 8. Qd3 {Nach meiner persönlichen Meinung bietet
der andere Damenzug, 8.Qd4, Weiß bessere Chancen als die Partifortsetzung.} (8.
Qd4 Nxc3 9. bxc3 Be7 (9... Ba5 10. Ba3 {[%csl Re8][%cal Ga3f8]} d6 {Das ist
die theoretische Fortsetzung, aber die Alternative ist auch interessant. Mit
dem Partiezug opfert Schwarz einen Bauern, aber er kann ruhig seine
Entwicklung beenden.} (10... b6 $5 11. e6 Qf6 $11) 11. exd6 O-O 12. O-O-O {
12.dxc7?? wäre ein schwerer Fehler wegen 12...Qxd4.} cxd6 13. Qxd6 {Es ist
notwendig für Weiß, die Damen zu tauschen.} (13. Bxd6 Re8 $44) 13... Qxd6 14.
Bxd6 {Ribli: 'Das ist mit Zugumstellung die Partiefortsetzung.'} Re8 {[%csl
Rc3][%cal Ra5c3]} 15. Kb2 (15. Bb4 Bc7) 15... Bd7 {[%cal Gd7c6,Gc6h1]} 16. Bd3
Bc6 17. f3 $14 {1/2-1/2 Sadler,M-Beliavsky,A/Enghien les Bains 1999/CBM 70/
[Ribli] (32)}) 10. Qg4 g6 (10... Kf8 $5 11. Qg3 d6 12. Be3 Bh4 $1 (12... dxe5
13. Rd1 Bd7 (13... Qe8 14. Qxe5 $14) 14. Be2 $14) 13. Qf4 dxe5 14. Qxe5 Bf6 15.
Bc5+ Kg8 16. Qe3 {Tarasenko,A-Pankratov,A/corr 1995/Inf 67/[Pankratov,A] (18)})
11. Bh6 d6 12. Qe4 (12. Qf4 dxe5 13. Qxe5 f6 14. Qe3 Kf7 $13) (12. Qg3 Be6 13.
Be2 Qd7 $13) 12... Qd7 13. Bd3 Qc6 (13... dxe5 14. O-O f6 15. f4 Qc6 16. Qxc6+
bxc6 17. fxe5 f5 {0-1 Conquest,S-Khalifman,A/Hastings 1995/Inf 65/[Khalifman,A]
(41)}) 14. Qxc6+ bxc6 15. Be4 Kd7 16. O-O Ba6 17. Bd3 dxe5 18. Bg7 Rhe8 19.
Bxe5 Bd6 20. Bd4 c5 21. Be3 f5 22. g3 Rab8 {1/2-1/2 McNab,C-Lobejko,R/Koszalin
1998/CBM 65 ext (22)}) 8... Nxc3 {Dieser Springertausch ist die natürliche
Fortsetzung, die Alternative 8...Nc5 führt zu ruhigem Spiel, wo die schwarze
Chancen gar nicht schlecht sidn.} (8... Nc5 9. Qg3 O-O 10. Bh6 Ne6 11. Bd2 f6
12. exf6 Qxf6 13. Bd3 Bd6 14. Qe3 Bf4 15. Qe4 Bxd2+ 16. Kxd2 Qh6+ 17. Ke1 d6 {
0-1 Kern,G-Karpatchev,A/Bad Zwesten 2003/CBM 92 ext (28)}) 9. bxc3 Ba5 $1 {
Der Läufer muss den c3-Bauern kontrollieren.} (9... Be7 10. Qg3 $16) 10. Ba3 (
10. Qg3 Qe7) 10... Qg5 11. Qd4 (11. g3 d6 (11... Qxe5+ 12. Kd2 {[%cal Ra1e1,
Re1e8]}) 12. f4 Qg6 13. O-O-O (13. Qe3 O-O $40) 13... Qxd3 (13... Bf5 14. Qe3
O-O 15. Be2 {[%cal Rg3g4]}) 14. Rxd3 Bf5 (14... dxe5 15. Bg2 $1 {[%csl Re8]
[%cal Rh1e1,Re1e8]}) 15. Re3 Bb6 16. Re1 O-O-O 17. exd6 cxd6 18. Bg2 Be6 19.
Bd5 Rhe8 $11) 11... d6 $5 {Schwarz opfert einen Bauern, aber auf diese Weise
kann er die Diagonale des a3-Läufers schließen und die Rochade wird möglich.} (
11... f6 12. exf6 Qxf6 13. Qxf6 gxf6 14. O-O-O d6 15. c5 Be6 16. cxd6 O-O-O 17.
Kb2 cxd6 18. Bb5 a6 19. Rhe1 Bf5 20. Ba4 Bc7 21. c4 {1-0 Bistric,F-Berry,N/
Plovdiv 2003/CBM 98 no vc (45)}) 12. exd6 O-O 13. f4 $2 {[%mdl 16384] Dieser
Zug ist zu optimistisch. Weiß schwächt seine Königsstellung. Es wäre besser
die Entwicklung mit 13.Be2 fortzusetzen.} (13. Be2 Re8 14. Kf1 (14. O-O Rxe2
15. d7 Bxd7 16. Qxd7 Rd8 17. Qh3 Qe5 $17) 14... cxd6 $44 15. Bxd6 Qg6 16. Rd1
Qc2 17. Qd2 Qxd2 {1/2-1/2 Onischuk,A-Baklan,V/Bundesliga 1998 (17)}) (13. d7 $2
Rd8 14. dxc8=Q Raxc8 $19) 13... Re8+ (13... Qh4+ 14. g3 Qh5 15. Kf2 cxd6 16.
Bxd6 Re8 $44) 14. Kf2 Qf5 $36 {Schwarz hat nur einen Bauern weniger, aber
seine Figuren stehen ausgezeichnet. Der weiße König steht unsicher.} (14... Qh6
$44) 15. Be2 (15. Bd3 Bxc3 $1 16. Qxc3 (16. Qe3 Rxe3 17. Bxf5 Bd4 $19) 16...
Qxf4+ 17. Kg1 Qe3+ 18. Kf1 Re4 $19 (18... Bf5 19. Rd1 Re6 $19)) (15. Kg1 Re4
16. Qf2 Bxc3 17. Rd1 Rxf4 $19) 15... Re4 $17 {[%csl Ge4,Rf2,Gf5][%cal Ga5b6,
Gb6f2][%mdl 128]} 16. Qd2 Bb6+ (16... Rxf4+ 17. Bf3 Rxc4 $17) 17. c5 (17. Ke1
Be6 $19) 17... Bxc5+ 18. Bxc5 Qxc5+ 19. Kf3 (19. Kg3 g5 $1 $40) 19... Bf5 {
Die Stellung ist nur materiell gleich - Schwarz hat entscheidende Angriff.} 20.
g4 Rae8 $19 {[%csl Rf3][%cal Re8e2]} 21. gxf5 (21. Rhe1 Re3+ 22. Kg2 Be4+ 23.
Kf1 cxd6 $19) 21... Re3+ 22. Kg4 h5+ (22... Rxe2 $19) 23. Kg5 (23. Kxh5 Qxf5+
$19) 23... Rxe2 24. Qd3 (24. d7 Qe7+ $19) 24... Rg2+ 25. Kh4 Qf2+ 26. Kh3 Rg4 (
26... Re2 $19) 0-1